Statistics for Roman Reigns: Every Universal Title Defense (updated)

Click here to take the quiz!

General Stats

  • This quiz has been taken 185 times
    (61 since last reset)
  • The average score is 29 of 32

Answer Stats

DatePPV / ShowChallenger(s)Days Held% Correct
August 21, 2021SummerSlamJohn Cena356 days
98%
October 21, 2021Crown JewelBrock Lesnar417 days
96%
July 30, 2022SummerSlamBrock Lesnar699 days
96%
April 3, 2022WrestleMania 38Brock Lesnar581 days
96%
April 2, 2023WrestleMania 39Cody Rhodes945 days
96%
April 7, 2024WrestleMania XLCody Rhodes1316 days
96%
April 11, 2021WrestleMania 37Daniel Bryan, Edge224 days
96%
January 27, 2024Royal RumbleLA Knight, Randy Orton, AJ Styles1245 days
96%
September 27, 2020Clash of ChampionsJey Uso28 days
94%
August 5, 2023SummerSlamJey Uso1070 days
94%
October 25, 2020Hell in a CellJey Uso56 days
94%
December 20, 2020TLCKevin Owens112 days
94%
January 31, 2021Royal RumbleKevin Owens154 days
94%
January 28, 2023Royal RumbleKevin Owens881 days
94%
December 25, 2020SmackdownKevin Owens117 days
94%
February 18, 2023Elimination ChamberSami Zayn902 days
94%
December 3, 2021SmackdownSami Zayn460 days
94%
September 3, 2022Clash at the CastleDrew Mcintyre734 days
92%
July 18, 2021
Money in the BankEdge322 days
90%
November 5, 2022Crown JewelLogan Paul797 days
90%
October 16, 2020SmackdownBraun Strowman47 days
88%
February 21, 2021Elimination ChamberDaniel Bryan175 days
88%
April 30, 2021SmackdownDaniel Bryan243 days
88%
March 21, 2021FastlaneDaniel Bryan203 days
88%
January 29, 2022Royal RumbleSeth Rollins517 days
88%
November 4, 2023Crown JewelLA Knight1161 days
84%
February 19, 2022Elimination ChamberGoldberg538 days
78%
May 16, 2021WrestleMania BacklashCesaro259 days
74%
September 26, 2021Extreme RulesFinn Balor392 days
74%
September 3, 2021SmackdownFinn Balor369 days
74%
June 18, 2021SmackdownRey Mysterio292 days
74%
June 17, 2022SmackdownMatt Riddle656 days
72%

Score Distribution

Percentile by Number Answered

Percent of People with Each Score

Your Score History

You have not taken this quiz since the last reset